000 00729nam a2200241 a 4500
999 _c3408
_d3408
001 3408
003 BD-JhCC
005 20171113183605.0
008 171113s1976 bg a|||| |||| 000 0 ben d
035 _a(BD-JhCC)3408
040 _aBD-JhCC
_dBD-JhCC
041 _aben
082 _a590
_bRAH 1976
100 _aরহমান, আতোয়ার
245 _aআজব প্রাণী আজব গাছ :
_bপ্রথম খন্ড /
_cআতোয়ার রহমান.
250 _a2nd Edi.
260 _aঢাকা :
_bনওরোজ কিতাবিস্তান,
_c1976.
300 _a110 P. :
_billus.,
_c20 cm.
650 _aAnimals
650 _aFlora
942 _2ddc
_cBK